00454nam a2200181 a 4500001001300000003000900013005001700022008004100039020001000080082001500090100001800105245003800123260003200161300000900193500003500202650001700237700001800254nice12345678IN_TiNIC20260116015324.0080124s2006 omaa grp 000 0 urd  ac10000a953.5bPLE aPleekhanov, S aQaboos Bin Sayeedb Sultan-E-oman aOman bOman Printers c2006 a384p aincludes index and biblioraphy aOman-History1 aPleekhanov, S